000 00715nam a2200193 a 4500
005 20250301063744.0
008 011031s1996 mx r 000 0 spa d
035 _aUPN01000113674
049 _aCG
050 4 _aLC1099
_bC8.7
245 0 0 _aCursos de capacitación para profesores bilingües =
_bBilingual teacher training courses : antología para el curso interacción en el aula en ambientes biculturales 1996 /
_cE. A. Palacios ... [et al.].
260 _aMéxico :
_aUPN :
_bSRE,
_c1996.
300 _a218 p.
650 4 _aEducación intercultural
_94812
650 4 _aEducación bilingüe
_91532
700 1 _aPalacios, Elvia Amparo,
_ecoaut.
740 0 _aBilingual teacher training courses
905 _aLibro
999 _c87582
_d87582